| 000 -LEADER |
| fixed length control field |
00504cam a2200181 i 4500 |
| 020 ## - INTERNATIONAL STANDARD BOOK NUMBER |
| ISBN |
0824803965 |
| 020 ## - INTERNATIONAL STANDARD BOOK NUMBER |
| ISBN |
0824804600 |
| 020 ## - INTERNATIONAL STANDARD BOOK NUMBER |
| ISBN |
9780824804602 |
| 040 ## - CATALOGING SOURCE |
| Transcribing agency |
DLC |
| 082 ## - DEWEY DECIMAL CLASSIFICATION NUMBER |
| Classification number |
301 UNI 1976 A017 Or. |
| 100 1# - MAIN ENTRY--AUTHOR NAME |
| Personal name |
Lebra, Takie Sugiyama, |
| 245 10 - TITLE STATEMENT |
| Title |
Japanese patterns of behavior / |
| 260 ## - PUBLICATION, DISTRIBUTION, ETC. (IMPRINT) |
| Place of publication |
Honolulu : |
| Name of publisher |
University of Hawaii Press, |
| Year of publication |
c1976. |
| 300 ## - PHYSICAL DESCRIPTION |
| Number of Pages |
xviii, 295 p. ; |
| Dimensions |
21 cm. |
| 500 ## - GENERAL NOTE |
| General note |
"An East-West Center book." |
| 650 #0 - SUBJECT ADDED ENTRY--TOPICAL TERM |
| Topical Term |
National characteristics, Japanese. |
| 942 ## - ADDED ENTRY ELEMENTS (KOHA) |
| Koha item type |
សៀវភៅភាសាអង់គ្លេស |
| 952 ## - LOCATION AND ITEM INFORMATION (KOHA) |
| Withdrawn status [LOCAL, KOHA] |
0 |